| 000 | 01520cam a22003614a 4500 | ||
|---|---|---|---|
| 001 | 13928327 | ||
| 003 | ARRUPE | ||
| 005 | 20131022173055.0 | ||
| 008 | 050413s2005 miu b 001 0 eng | ||
| 010 | _a 2005045345 | ||
| 020 | _a0801031176 (pbk.) | ||
| 040 |
_aDLC _cDLC |
||
| 041 | 1 |
_aeng _hlat |
|
| 042 | _apcc | ||
| 050 | 0 | 0 |
_aBX9428 _b.B54 2005 |
| 082 | 0 | 0 |
_a238/.42 _222 |
| 100 | 1 |
_aBierma, Lyle D. _92677 |
|
| 245 | 1 | 3 |
_aAn introduction to the Heidelberg Catechism : _bsources, history, and theology : with a translation of the smaller and larger catechisms of Zacharias Ursinus / _cLyle D. Bierma ; with Charles D. Gunnoe, Karin Maag, Paul W. Fields. |
| 260 |
_aGrand Rapids, MI : _bBaker Academic, _c2005. |
||
| 300 |
_a223 p. ; _c23 cm. |
||
| 440 | 0 |
_aTexts and studies in Reformation and post-Reformation thought _92678 |
|
| 504 | _aIncludes bibliographical references and index. | ||
| 630 | 0 | 0 |
_aHeidelberger Katechismus. _92679 |
| 650 | 0 |
_aReformed Church _xCatechisms _xHistory and criticism. _92680 |
|
| 700 | 1 |
_aGunnoe, Charles D., _d1963- _92681 |
|
| 700 | 1 |
_aMaag, Karin. _92682 |
|
| 700 | 1 |
_aFields, Paul W., _d1953- _92683 |
|
| 700 | 1 | 2 |
_aUrsinus, Zacharias, _d1534-1583. _tCatechesis minor. _lEnglish. _92684 |
| 700 | 1 | 2 |
_aUrsinus, Zacharias, _d1534-1583. _tCatechesis maior. _lEnglish. _92685 |
| 906 |
_a7 _bcbc _corignew _d1 _eocip _f20 _gy-gencatlg |
||
| 942 |
_2lcc _cMONOGRAPH |
||
| 999 |
_c118386 _d118386 |
||